[Event "GER-chT U12"]
[Site "Seifhennersdorf"]
[Date "2001.12.28"]
[Round "4.4"]
[White "Gross, Maximilian"]
[Black "Ries, Carlos"]
[Result "0-1"]
[WhiteElo "902"]
[BlackElo "800"]
[PlyCount "74"]
[EventDate "2001.12.27"]
[EventType "team"]
[EventRounds "7"]
[EventCountry "GER"]
[SourceTitle "EXT 2003"]
[Source "ChessBase"]
[SourceDate "2002.11.25"]
[SourceVersion "1"]
[SourceVersionDate "2002.11.25"]
[SourceQuality "1"]

1. e4 e5 2. Nf3 Nc6 3. Bc4 Nf6 4. d3 d5 5. exd5 Nxd5 6. Bxd5 Qxd5 7. Nc3 Bb4 8. Bd2 Bxc3 9. Bxc3 Bg4 10. Qe2 Bxf3 11. Qxf3 Qxf3 12. gxf3 0-0 13. 0-0-0 Nd4 14. Bxd4 exd4 15. Rde1 Rfe8 16. Re4 Rad8 17. Rhe1 Kf8 18. Kd2 f5 19. Re5 Rxe5 20. Rxe5 g6 21. f4 Kf7 22. Ke2 Kf6 23. Kf3 Rd6 24. Re8 Ra6 25. a3 Rb6 26. b4 Rc6 27. Rb8 b6 28. c4 dxc3 29. d4 c2 30. d5 Rc3+ 31. Kg2 c1Q 32. Rf8+ Ke7 33. Rh8 Qxf4 34. Rxh7+ Kf6 35. Kf1 Qf3 36. Ke1 Rc2 37. Rh3 Qe2# 0-1